000 00713nam a2200277Ia 4500
005 20260324143836.0
008 008 260324s9999 xx 000 0 eng d
020 _a9780203076552
037 _aEBOOK
040 _aCRL
040 _beng
040 _cCRL
041 _2eng
041 _aeng
084 _qCRL
100 _aEdward Safarian; Gilles Bertin
_91217130
245 0 _aMultinationals, Governments and International Technology Transfer (RLE International Business)
260 _bTaylor and Francis
260 _c1990
365 _a
365 _b230
856 _uhttp://www.taylorfrancis.com/books/9780203076552
942 _cEBOOK
999 _c1822999
_d1822999